Účty, ktoré nemôžu mať na konci účtovného obdobia zostatok

Účty, ktoré nemôžu mať na koci účtovného obdobia zostatok: účet 111 - obstaranie materiálu, účet 131 - obstaranie tovaru, účet 395 - vnútorné zúčtovanie, účet 431 - výsledok hospodárenia v schvaľovaní.

Na minha lista:
Detalhes bibliográficos
Autor principal: Kubaščíková, Zuzana, 1982-
Formato: Capítulo de Livro
Idioma:eslovaco
Assuntos:
Tags: Adicionar Tag
Sem tags, seja o primeiro a adicionar uma tag!

MARC

LEADER 00000naa a2200000 4500
001 0213920
005 20240502073554.6
041 0 |a slo 
044 |a SK 
245 1 0 |a Účty, ktoré nemôžu mať na konci účtovného obdobia zostatok  |c Zuzana Kubaščíková 
520 |a Účty, ktoré nemôžu mať na koci účtovného obdobia zostatok: účet 111 - obstaranie materiálu, účet 131 - obstaranie tovaru, účet 395 - vnútorné zúčtovanie, účet 431 - výsledok hospodárenia v schvaľovaní. 
610 2 0 |a účtovníctvo podvojné 
610 2 0 |a účty 
610 2 0 |a materiál 
610 2 0 |a tovar 
610 2 0 |a účtovanie 
100 1 |a Kubaščíková, Zuzana, 1982-